000 01239cam a2200325 i 4500
999 _c2505
_d2505
001 005631507
003 OSt
005 20230621100928.0
008 220715t20162015enka b 000 1 eng d
020 _a9781406365573
_q(pbk.) :
040 _aNCNU
_beng
_cNCNU
_dNCNU
_dKH8
_eAACR2
042 _anbic
082 _a823.92 BRO
100 1 _aBrowne, Anthony,
_d1946-
_eauthor
245 1 0 _aFrida and bear /
_c[by] Anthony Browne ; [illustrated by] Hanne Bartholin.
260 _aLondon :
_bWalker Books,
_c2016, c2015.
300 _a[32] p. :
_bcol. ill. ;
_c25 x 23 cm.
500 _aFirst published in the UK in 2015 by Walker Books Ltd., London.
520 _aFrida and Bear both LOVE to draw - but what? First, Frida draws a shape. Bear adds to it and turns it into a picture. Then Bear draws a shape for Frida as the game begins again.
521 _aFor preschool age.
650 0 _aFriendship
_vJuvenile fiction.
650 0 _aBears
_vJuvenile fiction.
650 0 _aElephants
_vJuvenile fiction.
650 0 _aShapes
_vJuvenile fiction.
650 0 _aDrawing
_vJuvenile fiction.
650 0 _aPlay
_vJuvenile fiction.
655 7 _aPicture books.
_2lcgft.
700 1 _aBartholin, Hanne,
_d1962-
_eillustrator
942 _2ddc
_cFIC